| 000 | 00668nam a22001937a 4500 | ||
|---|---|---|---|
| 003 | OSt | ||
| 005 | 20140410181802.0 | ||
| 008 | 130530s2004 sp ||||| |||| 00| 0 spa d | ||
| 020 | _a8488788584 | ||
| 040 | _cCDMR | ||
| 100 | 1 |
_93604 _aCastillo, José María _p(Castillo Pomeda) |
|
| 245 | 1 | 0 |
_aTelevisión y lenguaje audiovisual _cJosé María Castillo ; realización [...] CD-ROM, Rubén Serna Santos |
| 260 |
_aMadrid _bInstituto Oficial de Radio y Televisión _c2004 |
||
| 300 |
_a406 p. _e+ 1 CD-ROM |
||
| 490 | _aManuales profesionales | ||
| 650 | 0 | 4 |
_92084 _aComunicació audiovisual _vManuals, guies, etc. |
| 700 | 1 |
_93605 _aSerna Santos, Rubén |
|
| 942 |
_2udc _cMON |
||
| 999 |
_c6365 _d6365 |
||